000 01122naa a22003017a 4500
001 BR6010222
003 BR-BrBNA
005 20240918173156.0
007 ta
008 230509b bl.||||| |||| 00| 0 por d
040 _aBR-BrBNA
_bpor
_cBiblioteca Nacional de Agricultura
041 _a(Pt)
072 _aF00
_b1410
_bG514
090 _aF00 BR6010222
100 1 _aCorreia, E.F.
111 1 _a7. Semana do Fazendeiro; 6. Encontro de Tecnicos e Fazendeiros
_cUrucuca, BA (Brazil)
_d19 Sep 1971
245 1 _aCultura do feijoeiro [Phaseolus vulgaris; Pratica cultural; Defesa vegetal; Brasil]
260 3 _aUrucuca, BA (Brasil):
_c1971.
500 _a7. Semana do Fazendeiro e 6. Encontro de Tecnicos e Fazendeiros Urucuca, BA (Brasil): 1971. p. 25-28 (BR6010222-AM)F00
650 _aProducao vegetal
650 _aFeijao
650 _aPratica cultural
650 _aDefesa vegetal
650 _aRendimento
773 0 _t7. Semana do Fazendeiro e 6. Encontro de Tecnicos e Fazendeiros
_b
_wF00 BR6010222
_gUrucuca, BA (Brasil), 1971. p. 25-28
909 _a202404
_bLucia
_c55
_dLucia Elande
942 _cAM
_2AGRIS
999 _c303303
_d303303